00367nam a2200157Ia 4500008004100000041000800041100001100049245004700060260003100107300000900138365000700147520001200154520001500166650000900181999001900190230605s1978 xx 000 0 und d aeng aSharma aBusiness Correspondence and Report Writing bTata Mc.Grawhill Co.c1978 a255p h10 aGeneral aHard Board aM.M. c419799d419799